000 00370nam a2200133Ia 4500
008 151001s9999||||xx |||||||||||||| ||und||
100 _aउदय कांबळे
245 _aतुझ्या आठवणीत
250 _a1
260 _b"गवळी प्रकाशन, इस्लामपूर"
260 _c2013
300 _a48
365 _b21
999 _c999783
_d999780